000 00885ngm a22003130a 4500
001 PT20484
003 AR-LpoUNG
005 20210202000322.0
007 vd cvaizq
008 191001s1954||||ag |||||||||||||||||fre d
037 _c$8.31
040 _aAR-LpoUNG
_bspa
_cAR-LpoUNG
_eaacr
041 _afre
_aspa
044 _aag
082 0 _a843 939v1
100 1 _aAutant-Lara, Claude
_edir.
245 1 0 _aRojo y negro
260 _aBuenos Aires :
_bSolo para Coleccionistas,
_c1954.
300 _aVHS (170 min.) : son., col.
505 0 _aGuión: Pierre Bost, Jean Aurenche ; fotografía: Michel Kelber. - Títulos en francés, subtítulos en castellano
520 _aBasado en la novella de Stendhall
650 4 _aFRANCIA
650 4 _aLITERATURA
653 _aLITERATURA FRANCESA
653 _aROMANTICA
653 _aVIDEOS
905 _a20484
942 _cVIDEO
999 _c54616
_d54616